| 000 | 00557nam a22001817a 4500 | ||
|---|---|---|---|
| 003 | BD-DhUL | ||
| 005 | 20170926142258.0 | ||
| 008 | 170926s1988 le ||||| |||| 00| 0 ara d | ||
| 040 |
_aBD-DhUL _cBD-DhUL |
||
| 082 |
_a920 _bAUM |
||
| 100 | 1 | _4عون، جمعۃ المبروک | |
| 245 | 1 | 0 |
_aالمبرد : حیاتہ واثارہ ومنھجہ / _cجمعۃ المبروک عون |
| 260 |
_aبيروت : _bمھد الانماء، _c۱۹۸۸۔ |
||
| 300 |
_aص۔ ۳۴۵ ؛ _c۲۴ سم۔ |
||
| 365 |
_aBDT _b1440 |
||
| 650 | 0 | _aBiography | |
| 942 |
_2ddc _cBK |
||
| 999 |
_c214396 _d214396 |
||